00579nam a22001457a 4500003000400000005001700004008004100021040001400062100003600076245013100112260001000243300002800253500012900281504002300410OSt20171010095447.0120620t xxu||||| |||| 00| 0 eng d aMMSUcULS aBartolome, May-Anne T., et al.  aSurveillance camera system for security purposes at 365 center mall, San Nicolas, Ilocos NortecMay-Anne T. Bartolome, et al.  c2007  ax, 108 leaves c28 cm.  aThesis (BS Electronics & Communications Engineering) -- Mariano Marcos State University, College of Engineering, Batac City  aBibliography: None